[Event "Dortmund FSV op"]
[Site "Dortmund"]
[Date "2006.03.02"]
[Round "6"]
[White "Tautz, Eugen"]
[Black "Collisy, Klaus Dieter"]
[Result "1/2-1/2"]
[WhiteElo "1529"]
[BlackElo "1184"]
[PlyCount "110"]
[EventDate "2006.01.19"]
[EventType "swiss"]
[EventRounds "9"]
[EventCountry "GER"]
[SourceTitle "EXT 2007"]
[Source "ChessBase"]
[SourceDate "2006.11.23"]
[SourceVersion "1"]
[SourceVersionDate "2006.11.23"]
[SourceQuality "1"]

1. c4 e5 2. Nc3 Nf6 3. e3 Nc6 4. Nf3 d6 5. d4 e4 6. Ng5 Bf5 7. g3 Qd7 8. Bg2 h6 9. Ngxe4 Nxe4 10. Bxe4 Bh3 11. Nd5 0-0-0 12. Bd2 Re8 13. Bf3 Nxd4 14. Be2 Nxe2 15. Qxe2 Qc6 16. Rg1 g5 17. g4 f5 18. Bc3 Rg8 19. Nf6 Bg7 20. Nxg8 Bxc3+ 21. bxc3 Rxg8 22. gxf5 Bxf5 23. Rd1 Re8 24. Rd4 Be4 25. Qb2 Bg2 26. Qb5 Re5 27. Qxc6 Bxc6 28. h4 Ra5 29. Rd2 Bf3 30. hxg5 hxg5 31. Rg3 g4 32. Rb2 Rh5 33. Rg1 Kd7 34. Rb5 c5 35. a4 Ke6 36. a5 Ke5 37. Kd2 Rh2 38. Ke1 Kf5 39. Rb2 Ke6 40. Kf1 Ke5 41. Ke1 Kf5 42. Rf1 Bg2 43. Rg1 Bf3 44. Rb1 Ke5 45. Rc1 Kf5 46. Rg3 Ke4 47. Rg1 Kd3 48. Rf1 Kxc4 49. Kd2 Rh5 50. Kc2 Rd5 51. Kb2 Rd2+ 52. Rc2 Rd5 53. Ra1 Rd3 54. Ra4+ Kb5 55. Ra1 Kc4 1/2-1/2

[Event "Dortmund FSV op"]
[Site "Dortmund"]
[Date "2006.02.02"]
[Round "3"]
[White "Collisy, Klaus Dieter"]
[Black "Howorka, Roland"]
[Result "1-0"]
[WhiteElo "1184"]
[BlackElo "1300"]
[PlyCount "85"]
[EventDate "2006.01.19"]
[EventType "swiss"]
[EventRounds "9"]
[EventCountry "GER"]
[SourceTitle "EXT 2007"]
[Source "ChessBase"]
[SourceDate "2006.11.23"]
[SourceVersion "1"]
[SourceVersionDate "2006.11.23"]
[SourceQuality "1"]

1. e4 g6 2. d4 Bg7 3. Nf3 c6 4. c3 d5 5. e5 f6 6. Bd3 Nd7 7. exf6 Ngxf6 8. 0-0 Nb6 9. Re1 Bg4 10. Nbd2 Qc7 11. Qc2 0-0-0 12. Ne5 Rhf8 13. a4 Nbd7 14. Ndf3 Nxe5 15. Nxe5 Nd7 16. Nxg4 Nf6 17. Nxf6 Rxf6 18. Bg5 Rf7 19. Be2 Rdf8 20. Bg4+ Kd8 21. Bh4 Qf4 22. Qe2 Bf6 23. Bg3 Qg5 24. Qe6 Qxg4 25. Qxg4 h5 26. Qf4 e5 27. dxe5 Be7 28. Qd4 b6 29. b4 g5 30. h4 gxh4 31. Bxh4 Rf4 32. Bxe7+ Kxe7 33. Qe3 h4 34. a5 d4 35. cxd4 h3 36. axb6 axb6 37. Ra7+ Ke6 38. Qxh3+ Kd5 39. Rd7+ Kc4 40. Rc1+ Kb5 41. Qd3+ Ka4 42. Ra7+ Kxb4 43. Qc4# 1-0

[Event "Dortmund ABC Serie Anfaenger-23"]
[Site "Dortmund"]
[Date "2005.06.11"]
[Round "13"]
[White "Collisy, Klaus Dieter"]
[Black "Dedeck, Silvia"]
[Result "1-0"]
[WhiteElo "1210"]
[BlackElo "1008"]
[PlyCount "41"]
[EventDate "2005.04.13"]
[EventType "tourn"]
[EventRounds "13"]
[EventCountry "GER"]
[SourceTitle "EXT 2007"]
[Source "ChessBase"]
[SourceDate "2006.11.23"]
[SourceVersion "1"]
[SourceVersionDate "2006.11.23"]
[SourceQuality "1"]

1. e4 e5 2. Nf3 Nc6 3. c3 Nf6 4. d4 exd4 5. e5 Qe7 6. cxd4 d6 7. Qe2 dxe5 8. dxe5 Nd5 9. Qe4 Be6 10. a3 0-0-0 11. b4 f5 12. Qc2 a6 13. Bg5 Ncxb4 14. axb4 Qxb4+ 15. Nbd2 Rd7 16. Bxa6 Nb6 17. 0-0 bxa6 18. Be3 Kb7 19. Rfb1 Qe7 20. Qa4 Qd8 21. Qxa6+ 1-0

[Event "Dortmund ABC Serie Anfaenger-23"]
[Site "Dortmund"]
[Date "2005.06.08"]
[Round "12"]
[White "Oehmke, Bernd"]
[Black "Collisy, Klaus Dieter"]
[Result "1/2-1/2"]
[WhiteElo "1538"]
[BlackElo "1210"]
[PlyCount "50"]
[EventDate "2005.04.13"]
[EventType "tourn"]
[EventRounds "13"]
[EventCountry "GER"]
[SourceTitle "EXT 2007"]
[Source "ChessBase"]
[SourceDate "2006.11.23"]
[SourceVersion "1"]
[SourceVersionDate "2006.11.23"]
[SourceQuality "1"]

1. e4 e5 2. Nf3 Nc6 3. Bc4 Bc5 4. d3 Nf6 5. Nc3 h6 6. a3 a6 7. b4 Ba7 8. h3 d6 9. Bb2 Be6 10. Bxe6 fxe6 11. Ne2 0-0 12. Ng3 Nd4 13. Nxd4 Bxd4 14. Bxd4 exd4 15. 0-0 Qd7 16. Ne2 e5 17. Ng3 g6 18. Qd2 Qg7 19. f4 Rf7 20. f5 g5 21. Qe2 g4 22. h4 h5 23. Qe1 Re8 24. Ne2 d5 25. Ng3 Rd8 1/2-1/2

[Event "Dortmund ABC Serie Anfaenger-23"]
[Site "Dortmund"]
[Date "2005.06.01"]
[Round "11"]
[White "Collisy, Klaus Dieter"]
[Black "Krueger, Sven"]
[Result "1-0"]
[WhiteElo "1210"]
[BlackElo "1250"]
[PlyCount "77"]
[EventDate "2005.04.13"]
[EventType "tourn"]
[EventRounds "13"]
[EventCountry "GER"]
[SourceTitle "EXT 2007"]
[Source "ChessBase"]
[SourceDate "2006.11.23"]
[SourceVersion "1"]
[SourceVersionDate "2006.11.23"]
[SourceQuality "1"]

1. e4 e5 2. Nf3 d6 3. d4 Nc6 4. d5 Nce7 5. Be2 Ng6 6. 0-0 Nf6 7. Nbd2 Bd7 8. c4 Nf4 9. h3 Qc8 10. Nh2 Nxg2 11. Ng4 Nxg4 12. Kxg2 Nf6 13. Rh1 Be7 14. Bf3 0-0 15. Nf1 Be8 16. Ng3 Nd7 17. Nf5 Bf6 18. Kh2 Nc5 19. Rg1 Kh8 20. Rg2 g6 21. Nh6 Bd7 22. Bg4 Bxg4 23. Rxg4 Bg7 24. Qf3 Qd7 25. b3 Rae8 26. Be3 b6 27. Rag1 Rc8 28. R4g3 Rce8 29. Ng4 f5 30. exf5 Rxf5 31. Qg2 Ref8 32. f3 Qe7 33. Bh6 Bxh6 34. Nxh6 R5f6 35. h4 e4 36. Re1 Rxf3 37. Rxf3 Qxh4+ 38. Rh3 Qxe1 39. Qb2+ 1-0

[Event "Dortmund ABC Serie Anfaenger-23"]
[Site "Dortmund"]
[Date "2005.05.21"]
[Round "9"]
[White "Collisy, Klaus Dieter"]
[Black "Plambeck, Joachim"]
[Result "0-1"]
[WhiteElo "1210"]
[BlackElo "1281"]
[PlyCount "96"]
[EventDate "2005.04.13"]
[EventType "tourn"]
[EventRounds "13"]
[EventCountry "GER"]
[SourceTitle "EXT 2007"]
[Source "ChessBase"]
[SourceDate "2006.11.23"]
[SourceVersion "1"]
[SourceVersionDate "2006.11.23"]
[SourceQuality "1"]

1. e4 e5 2. Nf3 Nc6 3. c3 Nf6 4. d4 d6 5. d5 Nb8 6. Bd3 Bd7 7. 0-0 a6 8. c4 Be7 9. h3 0-0 10. Nc3 h6 11. Be3 c6 12. Nh2 b5 13. b3 Nh7 14. f4 f6 15. f5 Be8 16. Ne2 cxd5 17. cxd5 Nd7 18. Rf3 Kh8 19. Qd2 Ng5 20. Rg3 Nc5 21. Rg4 b4 22. h4 Nxd3 23. Qxd3 Nh7 24. Qd2 Rg8 25. Qxb4 Bh5 26. Qd2 Bxg4 27. Nxg4 Bf8 28. Rf1 Qe8 29. Ng3 Rc8 30. Kh2 Qe7 31. Nh5 Qc7 32. Rf2 Qf7 33. Ng3 h5 34. Nh6 gxh6 35. Bxh6 Bxh6 36. Qxh6 Rg7 37. Nxh5 Rgg8 38. Kh3 Qe7 39. Rf3 Rc2 40. g4 Rxa2 41. Nxf6 Qxf6 42. Qxf6+ Nxf6 43. g5 Nxe4 44. f6 Rf8 45. Kg4 Kh7 46. Kh5 Nxf6+ 47. gxf6 Rg2 48. b4 Rf7 0-1

[Event "Dortmund ABC Serie Anfaenger-23"]
[Site "Dortmund"]
[Date "2005.05.13"]
[Round "7"]
[White "Collisy, Klaus Dieter"]
[Black "Benz, Friedrich"]
[Result "1-0"]
[WhiteElo "1210"]
[BlackElo "866"]
[PlyCount "31"]
[EventDate "2005.04.13"]
[EventType "tourn"]
[EventRounds "13"]
[EventCountry "GER"]
[SourceTitle "EXT 2007"]
[Source "ChessBase"]
[SourceDate "2006.11.23"]
[SourceVersion "1"]
[SourceVersionDate "2006.11.23"]
[SourceQuality "1"]

1. e4 e5 2. Nf3 Nc6 3. c3 Nf6 4. d4 exd4 5. cxd4 Nxe4 6. d5 Nxf2 7. Qe2+ Be7 8. Qxf2 Bb4+ 9. Bd2 Qe7+ 10. Be2 Bc5 11. Qg3 Qf6 12. Bc3 Nd4 13. Na3 Nxe2 14. Kxe2 Qa6+ 15. Kd2 0-0 16. Qxg7# 1-0

[Event "Dortmund ABC Serie Anfaenger-23"]
[Site "Dortmund"]
[Date "2005.04.29"]
[Round "5"]
[White "Mueller, Michaela"]
[Black "Collisy, Klaus Dieter"]
[Result "1-0"]
[WhiteElo "1124"]
[BlackElo "1210"]
[PlyCount "43"]
[EventDate "2005.04.13"]
[EventType "tourn"]
[EventRounds "13"]
[EventCountry "GER"]
[SourceTitle "EXT 2007"]
[Source "ChessBase"]
[SourceDate "2006.11.23"]
[SourceVersion "1"]
[SourceVersionDate "2006.11.23"]
[SourceQuality "1"]

1. d4 d5 2. e4 dxe4 3. Nc3 Nf6 4. f3 exf3 5. Nxf3 e6 6. Ne5 Be7 7. Be3 0-0 8. Qf3 c6 9. Bd3 Nbd7 10. 0-0 Bd6 11. Qg3 Re8 12. Bh6 Bf8 13. Rf3 Kh8 14. Nxf7+ Kg8 15. Nxd8 Rxd8 16. Raf1 Nh5 17. Qg5 Nhf6 18. Rxf6 Nxf6 19. Rxf6 Rxd4 20. Bxh7+ Kxh7 21. Rxf8 Rd7 22. Ne4 1-0

[Event "Dortmund ABC Serie Anfaenger-23"]
[Site "Dortmund"]
[Date "2005.04.27"]
[Round "4"]
[White "Collisy, Klaus Dieter"]
[Black "Banken, Gerd"]
[Result "1-0"]
[WhiteElo "1210"]
[BlackElo "1181"]
[PlyCount "63"]
[EventDate "2005.04.13"]
[EventType "tourn"]
[EventRounds "13"]
[EventCountry "GER"]
[SourceTitle "EXT 2007"]
[Source "ChessBase"]
[SourceDate "2006.11.23"]
[SourceVersion "1"]
[SourceVersionDate "2006.11.23"]
[SourceQuality "1"]

1. e4 e5 2. Nf3 Nc6 3. c3 Bc5 4. d4 exd4 5. cxd4 Be7 6. Nc3 d6 7. h3 Nf6 8. Bd3 a6 9. 0-0 Bd7 10. a3 h6 11. Bf4 g5 12. Be3 Qc8 13. e5 Nh5 14. Nh2 Ng7 15. f4 Nf5 16. Bxf5 Bxf5 17. Qh5 Bg6 18. Qf3 Qd8 19. d5 Na5 20. f5 Bh7 21. Qh5 Nc4 22. Bd4 dxe5 23. Rae1 Qd6 24. Ng4 exd4 25. Re6 Qc5 26. b4 Qa7 27. Nf6+ Kd8 28. Qxf7 dxc3+ 29. Kh2 Bxf6 30. Qxf6+ Kd7 31. Re7+ Kc8 32. Qxh8+ 1-0

[Event "Dortmund ABC Serie Anfaenger-22"]
[Site "Dortmund"]
[Date "2004.11.03"]
[Round "7"]
[White "Wengelnik, Erwin"]
[Black "Collisy, Klaus Dieter"]
[Result "1/2-1/2"]
[WhiteElo "1291"]
[BlackElo "1193"]
[PlyCount "34"]
[EventDate "2004.10.06"]
[EventType "tourn"]
[EventRounds "11"]
[EventCountry "GER"]
[SourceTitle "EXT 2006"]
[Source "ChessBase"]
[SourceDate "2005.11.24"]
[SourceVersion "1"]
[SourceVersionDate "2005.11.24"]
[SourceQuality "1"]

1. d4 d5 2. Nf3 Nf6 3. c3 e6 4. g3 Be7 5. Bg2 0-0 6. 0-0 h6 7. Nbd2 Nh7 8. e4 f5 9. exf5 exf5 10. Re1 Nd7 11. Qe2 Bd6 12. Qe6+ Kh8 13. Qxd5 Nhf6 14. Qc4 f4 15. gxf4 Bxf4 16. Nf1 Nb6 17. Qd3 Nbd5 1/2-1/2

[Event "Dortmund ABC Serie Anfaenger-21"]
[Site "Dortmund"]
[Date "2004.05.12"]
[Round "5"]
[White "Schettke, Markus"]
[Black "Collisy, Klaus Dieter"]
[Result "0-1"]
[WhiteElo "1096"]
[BlackElo "1175"]
[PlyCount "74"]
[EventDate "2004.04.21"]
[EventType "tourn"]
[EventRounds "13"]
[EventCountry "GER"]
[SourceTitle "EXT 2006"]
[Source "ChessBase"]
[SourceDate "2005.11.24"]
[SourceVersion "1"]
[SourceVersionDate "2005.11.24"]
[SourceQuality "1"]

1. e4 e5 2. Nf3 Nc6 3. Bb5 d6 4. 0-0 Bd7 5. Nc3 Nf6 6. d4 exd4 7. Nxd4 Ne5 8. Qe2 c6 9. Bd3 Be7 10. h3 0-0 11. f4 Nxd3 12. cxd3 h6 13. f5 Nh7 14. Qg4 Bg5 15. Bxg5 Nxg5 16. Qe2 Re8 17. h4 Nh7 18. Rf4 d5 19. Nf3 Qb6+ 20. Kh1 dxe4 21. dxe4 Qc7 22. g3 f6 23. Qc4+ Kh8 24. Rg4 Re7 25. Nd5 Qd8 26. Nxe7 Qxe7 27. Re1 b5 28. Qb3 c5 29. Qe3 Qf7 30. b3 Qf8 31. Rf4 Bc6 32. e5 fxe5 33. Qxe5 Nf6 34. Kg1 Nh5 35. f6 Nxf4 36. fxg7+ Qxg7 37. Qxf4 Rf8 0-1

[Event "Dortmund6"]
[Site "Dortmund"]
[Date "2003.11.26"]
[Round "12"]
[White "Collisy, Klaus Dieter"]
[Black "Bieber, Carsten"]
[Result "1-0"]
[WhiteElo "1228"]
[BlackElo "1026"]
[PlyCount "70"]
[EventDate "2003.10.01"]
[EventType "tourn"]
[EventRounds "13"]
[EventCountry "GER"]
[SourceTitle "EXT 2007"]
[Source "ChessBase"]
[SourceDate "2006.11.23"]
[SourceVersion "1"]
[SourceVersionDate "2006.11.23"]
[SourceQuality "1"]

1. e4 d6 2. d4 Nf6 3. Nc3 g6 4. h3 Bg7 5. Nf3 h6 6. d5 c6 7. Bd2 b5 8. b4 Na6 9. a3 Nc7 10. Rb1 a5 11. dxc6 axb4 12. axb4 Be6 13. Nxb5 Nxe4 14. Nxc7+ Qxc7 15. b5 Qb6 16. Be3 Bc3+ 17. Nd2 Qa5 18. Bd3 Bxd2+ 19. Bxd2 Qxd2+ 20. Qxd2 Nxd2 21. Kxd2 Ra2 22. b6 0-0 23. b7 Bc8 24. b8Q d5 25. Qb3 Ra5 26. Ra1 Rc5 27. Qb6 Rxc6 28. Qxc6 Be6 29. Ra8 Kg7 30. Rxf8 Kxf8 31. Bxg6 Kg7 32. Bd3 Kf6 33. g4 Ke5 34. Qc7+ Kf6 35. f4 d4 1-0

[Event "Dortmund ABC Anfaenger 18th"]
[Site "Dortmund"]
[Date "2002.11.16"]
[Round "9"]
[White "Hebestreit, Roman"]
[Black "Collisy, Klaus Dieter"]
[Result "0-1"]
[WhiteElo "1106"]
[BlackElo "1170"]
[PlyCount "46"]
[EventDate "2002.10.11"]
[EventType "tourn"]
[EventRounds "13"]
[EventCountry "GER"]
[SourceTitle "EXT 2004"]
[Source "ChessBase"]
[SourceDate "2003.11.25"]
[SourceVersion "1"]
[SourceVersionDate "2003.11.25"]
[SourceQuality "1"]

1. e4 e5 2. Nf3 Nf6 3. Nxe5 d6 4. Nxf7 Kxf7 5. Bc4+ Be6 6. Bxe6+ Kxe6 7. Qf3 Nc6 8. c3 Ne5 9. Qf5+ Kf7 10. 0-0 Nd3 11. Na3 Be7 12. f4 Re8 13. Qb5 Nxc1 14. Raxc1 c6 15. Qb3+ d5 16. e5 Ne4 17. f5 Nxd2 18. e6+ Kg8 19. Qd1 Nxf1 20. Qh5 Rf8 21. Rxf1 Qb6+ 22. Kh1 Qxb2 23. Rf3 Qc1+ 0-1

[Event "Dortmund ABC Anfaenger 18th"]
[Site "Dortmund"]
[Date "2002.10.12"]
[Round "2"]
[White "Rimm, Marco"]
[Black "Collisy, Klaus Dieter"]
[Result "0-1"]
[WhiteElo "1163"]
[BlackElo "1170"]
[PlyCount "62"]
[EventDate "2002.10.11"]
[EventType "tourn"]
[EventRounds "13"]
[EventCountry "GER"]
[SourceTitle "EXT 2004"]
[Source "ChessBase"]
[SourceDate "2003.11.25"]
[SourceVersion "1"]
[SourceVersionDate "2003.11.25"]
[SourceQuality "1"]

1. e4 e5 2. Nf3 Nf6 3. Nc3 d6 4. h3 Be7 5. Bc4 0-0 6. 0-0 c6 7. d3 b5 8. Bb3 Be6 9. Bxe6 fxe6 10. Bg5 h6 11. Bxf6 Rxf6 12. d4 Nd7 13. d5 exd5 14. exd5 b4 15. Ne4 Rf4 16. g3 Rxe4 17. Qd3 Nc5 18. Qd1 Rc4 19. b3 Rc3 20. Re1 Nd7 21. dxc6 Rxc6 22. Qd5+ Kh8 23. Qxc6 Bf6 24. Qxd6 e4 25. Rxe4 Bxa1 26. Rh4 Bf6 27. Rh5 Rc8 28. Ne1 Ne5 29. Qxb4 Qe8 30. Qe4 Qxh5 31. Qb7 Qxh3 0-1

[Event "Dortmund1"]
[Site "Dortmund"]
[Date "2002.05.22"]
[Round "9"]
[White "Collisy, Klaus Dieter"]
[Black "Banken, Gerd"]
[Result "0-1"]
[WhiteElo "1180"]
[BlackElo "1245"]
[PlyCount "98"]
[EventDate "2002.04.10"]
[EventType "tourn"]
[EventRounds "13"]
[EventCountry "GER"]
[SourceTitle "EXT 2007"]
[Source "ChessBase"]
[SourceDate "2006.11.23"]
[SourceVersion "1"]
[SourceVersionDate "2006.11.23"]
[SourceQuality "1"]

1. e4 e5 2. Nf3 Nc6 3. Bc4 Nf6 4. d3 Bc5 5. Nc3 d6 6. h3 0-0 7. 0-0 a6 8. a4 h6 9. Be3 Nd4 10. Nd5 c6 11. Nxf6+ Qxf6 12. c3 Nxf3+ 13. Qxf3 Qxf3 14. gxf3 Bxh3 15. Rfe1 Bxe3 16. Rxe3 Be6 17. Bxe6 fxe6 18. Kf1 c5 19. c4 a5 20. Ke2 b6 21. Rh1 Rf6 22. Kd2 Raf8 23. Ree1 Rxf3 24. Reg1 Rxf2+ 25. Kc3 R2f6 26. Rh2 Kh7 27. Rhg2 g5 28. Rh1 Rg8 29. Kd2 Rgg6 30. Ke3 g4 31. Rh4 Rf4 32. Ke2 Rgf6 33. Rhxg4 Rxg4 34. Rxg4 h5 35. Rg2 h4 36. Rf2 Rxf2+ 37. Kxf2 Kh6 38. Kg2 Kg5 39. Kh3 Kh5 40. b3 Kg5 41. Kh2 Kg4 42. Kg2 h3+ 43. Kh2 Kh4 44. Kh1 Kg3 45. Kg1 h2+ 46. Kh1 Kh3 47. d4 exd4 48. e5 d3 49. b4 d2 0-1

[Event "Dortmund1"]
[Site "Dortmund"]
[Date "2002.05.08"]
[Round "6"]
[White "Aragon, Jorge"]
[Black "Collisy, Klaus Dieter"]
[Result "0-1"]
[WhiteElo "1124"]
[BlackElo "1180"]
[PlyCount "100"]
[EventDate "2002.04.10"]
[EventType "tourn"]
[EventRounds "13"]
[EventCountry "GER"]
[SourceTitle "EXT 2007"]
[Source "ChessBase"]
[SourceDate "2006.11.23"]
[SourceVersion "1"]
[SourceVersionDate "2006.11.23"]
[SourceQuality "1"]

1. e4 e5 2. Nf3 Nf6 3. Nc3 d6 4. d4 exd4 5. Nxd4 Be7 6. Nf5 0-0 7. Nd5 Bxf5 8. exf5 Nxd5 9. Qxd5 c6 10. Qd4 Qa5+ 11. b4 Qxf5 12. Bd3 Qe6+ 13. Be3 Bf6 14. Qe4 Qxe4 15. Bxe4 Bxa1 16. 0-0 Bc3 17. a3 Re8 18. Bf5 b6 19. Bf4 Be5 20. Re1 Na6 21. Bd7 Re7 22. Bxc6 Rc8 23. b5 Nb8 24. Bg5 f6 25. Bd5+ Kf8 26. f4 fxg5 27. fxe5 Rc5 28. Rf1+ Ke8 29. exd6 Re5 30. Bf7+ Kd7 31. Bg8 Kxd6 32. Bxh7 Rxb5 33. a4 Ra5 34. Rd1+ Red5 35. Rf1 Rxa4 36. g3 Nc6 37. Kg2 g4 38. Rf7 Rd2+ 39. Rf2 Rxf2+ 40. Kxf2 Nb4 41. c4 Ra2+ 42. Kg1 Kc5 43. Bg8 Ra1+ 44. Kg2 a6 45. h3 Ra2+ 46. Kg1 gxh3 47. g4 Rg2+ 48. Kh1 Rxg4 49. Kh2 Rh4 50. Be6 a5 0-1

[Event "Dortmund1"]
[Site "Dortmund"]
[Date "2002.04.24"]
[Round "4"]
[White "Kuckelke, Juergen"]
[Black "Collisy, Klaus Dieter"]
[Result "1-0"]
[WhiteElo "1293"]
[BlackElo "1180"]
[PlyCount "67"]
[EventDate "2002.04.10"]
[EventType "tourn"]
[EventRounds "13"]
[EventCountry "GER"]
[SourceTitle "EXT 2007"]
[Source "ChessBase"]
[SourceDate "2006.11.23"]
[SourceVersion "1"]
[SourceVersionDate "2006.11.23"]
[SourceQuality "1"]

1. e4 e5 2. Nf3 Nf6 3. Nc3 d6 4. d4 exd4 5. Nxd4 Be7 6. Bb5+ c6 7. Bc4 0-0 8. 0-0 b5 9. Bb3 b4 10. Nce2 Nxe4 11. Ba4 Bd7 12. Bd2 c5 13. Bxd7 Nxd7 14. Nc6 Qe8 15. Nxe7+ Qxe7 16. Nf4 Ne5 17. b3 Qg5 18. f3 Nxd2 19. Qxd2 Rad8 20. g3 h5 21. Qd5 h4 22. Ng2 hxg3 23. f4 Qh5 24. hxg3 Rfe8 25. fxe5 Rxe5 26. Qf3 Rd7 27. Qa8+ Kh7 28. Rf4 g5 29. Rf6 Kg7 30. Raf1 d5 31. Qc6 Rde7 32. Qxc5 Re1 33. Nxe1 Qh3 34. Qxe7 1-0

[Event "Dortmund1"]
[Site "Dortmund"]
[Date "2002.04.19"]
[Round "3"]
[White "Krogmann, Peter"]
[Black "Collisy, Klaus Dieter"]
[Result "1-0"]
[WhiteElo "1261"]
[BlackElo "1180"]
[PlyCount "119"]
[EventDate "2002.04.10"]
[EventType "tourn"]
[EventRounds "13"]
[EventCountry "GER"]
[SourceTitle "EXT 2007"]
[Source "ChessBase"]
[SourceDate "2006.11.23"]
[SourceVersion "1"]
[SourceVersionDate "2006.11.23"]
[SourceQuality "1"]

1. e4 e5 2. Nf3 Nf6 3. Nc3 d6 4. Bc4 Be7 5. 0-0 0-0 6. d4 exd4 7. Nxd4 c5 8. Nf3 Nc6 9. Bg5 h6 10. Be3 Be6 11. Bxe6 fxe6 12. Nh4 Nxe4 13. Nxe4 Bxh4 14. Qg4 Ne5 15. Qxe6+ Kh7 16. Nxd6 Rf6 17. Qxe5 Rxd6 18. Qxc5 b6 19. Qc4 Rc8 20. Qe2 Rd5 21. Rad1 Rc6 22. Rxd5 Qxd5 23. b3 Rg6 24. g3 h5 25. a4 Bf6 26. Rd1 Qf5 27. Qf1 Qxc2 28. Rd3 h4 29. Qd1 Qxd1+ 30. Rxd1 hxg3 31. fxg3 Be5 32. Rd7 Re6 33. Bf2 Bb8 34. Bd4 Re1+ 35. Kg2 Be5 36. Bxe5 Rxe5 37. Rxa7 Re2+ 38. Kh3 Rb2 39. Rb7 Rxb3 40. a5 Ra3 41. Rxb6 Rxa5 42. Kh4 g6 43. g4 Kh6 44. h3 Rd5 45. Rf6 Re5 46. Rf3 Rd5 47. Kg3 Re5 48. h4 Re6 49. Rf7 Re3+ 50. Rf3 Rxf3+ 51. Kxf3 g5 52. hxg5+ Kxg5 53. Kg3 Kg6 54. Kh4 Kh6 55. g5+ Kg6 56. Kg4 Kh7 57. Kh5 Kg7 58. g6 Kh8 59. Kh6 Kg8 60. g7 1-0

[Event "Dortmund1"]
[Site "Dortmund"]
[Date "2002.04.10"]
[Round "1"]
[White "Nietmann, Friedrich"]
[Black "Collisy, Klaus Dieter"]
[Result "0-1"]
[WhiteElo "1272"]
[BlackElo "1180"]
[PlyCount "94"]
[EventDate "2002.04.10"]
[EventType "tourn"]
[EventRounds "13"]
[EventCountry "GER"]
[SourceTitle "EXT 2007"]
[Source "ChessBase"]
[SourceDate "2006.11.23"]
[SourceVersion "1"]
[SourceVersionDate "2006.11.23"]
[SourceQuality "1"]

1. Nf3 Nf6 2. c4 c5 3. Nc3 e6 4. g3 b6 5. Bg2 Bb7 6. 0-0 Be7 7. d3 0-0 8. b3 d5 9. cxd5 exd5 10. d4 Ne4 11. Nxe4 dxe4 12. Nd2 Qxd4 13. Qc2 Nc6 14. Bb2 Qd7 15. Qxe4 Rfe8 16. Qb1 Qxd2 17. Rd1 Qxe2 18. Rd7 Bc8 19. Bxc6 Bxd7 20. Bxd7 Red8 21. Bc6 Rac8 22. Be4 g6 23. Bc3 Rd6 24. Qc1 Qxe4 25. Qh6 Bf6 26. Re1 Qf3 27. Qh3 Rcd8 28. Bxf6 Rxf6 29. Qf1 Rd2 30. Re8+ Kg7 31. Re3 Qxf2+ 32. Qxf2 Rdxf2 33. a4 Rb2 34. h4 Re6 35. Rf3 Re1+ 36. Rf1 Rxf1+ 37. Kxf1 Rxb3 38. Kf2 c4 39. g4 c3 40. Ke2 c2 41. Kd2 Rb2 42. Kc1 Ra2 43. h5 gxh5 44. gxh5 f5 45. h6+ Kxh6 46. a5 f4 47. axb6 axb6 0-1